中国传统冷兵器大赏 Traditional Chinese cold weapons - Statistics

General Stats
  • This quiz has been taken 10 times
  • The average score is 15 of 21
Answer Stats
Picture Answer % Correct
100%
100%
100%
88%
枪/矛
88%
88%
88%
88%
流星(锤)
88%
88%
75%
75%
75%
63%
63%
63%
63%
38%
挝/抓
38%
25%
25%
No matching quizzes found
Score Distribution
Percent of People with Each Score
Percentile by Number Answered
Your Score History
You have not taken this quiz